000 00700nam a2200205Ia 4500
001 4229
003 GE_BSU
008 181216s||||||||xx |||||||||||||| ||und||
040 _cGE_BSU
080 _a661.715.7
100 _aСоколов,В.3. Харлампович,Г.Д.
245 _aПроизводство и использование ароматических углеводородов.
245 _cРед. И.Я. Захарьянц.
260 _aМ.
260 _bХимия.
260 _c1980.
300 _a336 стр. с илл. 22 см.
653 _aПроизводство и использование ароматических углеводородов.
942 _cBK
999 _c38239
_d38239